Nâng cấp hình ảnh với Photoshop 5

Đã lưu trong:
Sonraí Bibleagrafaíochta
Príomhúdar: Hoàng Minh Trung
Formáid: Leabhar
Teanga:Undetermined
Foilsithe: Hà Nội Thống Kê 2000
Ábhair:
Clibeanna: Cuir Clib Leis
Gan Chlibeanna, Bí ar an gcéad duine leis an taifead seo a chlibeáil!
Thư viện lưu trữ: Trung tâm Học liệu Trường Đại học Cần Thơ
LEADER 00573nam a2200193Ia 4500
001 CTU_37575
008 210402s9999 xx 000 0 und d
020 |b 20.000đ 
082 |a 006.68 
082 |b Tr513 
100 |a Hoàng Minh Trung 
245 0 |a Nâng cấp hình ảnh với Photoshop 5 
245 0 |c Hoàng Minh Trung 
260 |a Hà Nội 
260 |b Thống Kê 
260 |c 2000 
650 |a application software,computer graphics - computer programs 
904 |i Minh, 000803 
980 |a Trung tâm Học liệu Trường Đại học Cần Thơ